000 00243 a2200097 4500
000 nam a22 7a 4500
020 _a9780415644396
100 _aLeung, Dennis
245 _aMicro and nano-engineering of fuel cells
260 _bCRC Press,
_c2015
999 _c85618
_d85618